000 00280nam a22001217a 4500
008 181221b xxu||||| |||| 00| 0 eng d
041 _aeng
080 _a821
100 _a22
101 _aGJL
245 _aPaperworth's Ordinary of British Armorials
_cHeraldry
942 _2udc
_cBK
999 _c53601
_d53601